Statistics for Former Regions of France (2011-2015)

Click here to take the quiz!

General Stats

  • This quiz has been taken 166 times
    (121 since last reset)
  • The average score is 21 of 35

Answers on the Map

Answers color-coded by a green-red scale on the quiz's map according to % correct below.
 

Answer Stats

Former region% Correct
Brittany
98%
Upper Normandy
96%
Lower Normandy
94%
Île-de-France
91%
Provence-Alpes-Côte d'Azur
89%
Alsace
87%
Pays de la Loire
82%
Burgundy
81%
Lorraine
81%
Centre-Val de Loire
80%
Centre-Val de Loire
80%
Aquitaine
79%
Aquitaine
79%
Auvergne
74%
Corse
71%
Rhône-Alpes
71%
Nord-Pas-de-Calais
67%
Champagne-Ardenne
66%
Franche-Comté
58%
Picardy
52%
Languedoc-Roussillon
49%
Languedoc-Roussillon
49%
Limousin
48%
Midi-Pyrénées
42%
Guadelupe/Guadeloupe
40%
Martinique
39%
Réunion
39%
Poitou-Charentes
38%
Mayotte
36%
French Polynesia
27%
New Caledonia
27%
French Guyana
23%
Saint Pierre and Miquelon
16%
Wallis and Futuna
12%
Saint Barthélemy and Saint Martin
6%

Score Distribution

Percentile by Number Answered

Percent of People with Each Score

Your Score History

You have not taken this quiz since the last reset